000 00981nas a2200253 4500
001 BR8101865
003 BR-BrBNA
005 20231205084612.0
007 ta
008 230509b bl.|||p| |||| 00| 00por d
040 _aBR-BrBNA
_bpor
_cBiblioteca Nacional de Agricultura
041 _a(Pt)
072 _aL10
100 1 _aMenegheti, J.O.
245 1 _aObservacoes preliminares sobre o acasalamento e recrutamento em Nothura maculosa (Termminck, 1815)(Aves, Tinamidae)no Rio Grande do Sul, Brasil [Perdiz]
246 1 _aPreliminary observation on mating and recruitment in Nothura maculosa (Temminck, 1815)(Poultry, Tinamidae)in Rio Grande do Sul; Brazil [Partridge]
650 _aMelhoramento genetico animal
650 _aPerdiz
650 _aAcasalamento
650 _aRio Grande do Sul
773 0 _tIheringia. Serie Zoologia (Brazil)
_xISSN 0073-4721
_g(Mar 1981), (no. 59) p. 65-75
_wBR8101865
909 _a202311
_bLúcia
_c55
_dLúcia Elande
942 _2AGRIS
_n0
_cANA
999 _c106189
_d106189